000 00563nam a22001817a 4500
005 20140310183636.0
008 131127b xxu||||| |||| 00| 0 eng d
020 _a9789719376477
050 _aLB 1765.P6
_b.C744 2010
100 _aConcepcion, Benjamin
245 _aLicensure examination for teachers: LET reviewer./
_cBenjamin Concepcion ... etc. ]
260 _aSampaloc, Manila :
_bMET REview,
_c2010.
300 _a473 p. :
_bill. ;
_c26 cm.
521 _aEDU
546 _aC11935
650 _aTeachers-Examinations- Reviewers
942 _2lcc
_cBK
_kLOC
999 _c25715
_d25715